| 000 | 01180nam a2200241Ia 4500 | ||
|---|---|---|---|
| 003 | Ost | ||
| 005 | 20260507075111.0 | ||
| 008 | 260507s9999||||xx |||||||||||||| ||und|| | ||
| 020 | _a2606919977 | ||
| 040 | _cfsecg | ||
| 041 | _aara | ||
| 082 | _a330 | ||
| 100 |
_aتوفيق رضا، حسين _eمؤلف |
||
| 245 | 0 |
_aربوات القرض وربوات البيع / _c حسين توفيق رضا |
|
| 260 |
_a[دون مكان]: _b[دون ناشر], _c1998 |
||
| 300 |
_a579 صفحة؛ _c24 سم |
||
| 520 | _aأصول الربوات 1-أصول الربوات في الاسلام 2- الاحكام المقارنة ووجهات المحدثين 3- ربا القروض 4- الاستدانة بالربا 5- المطالبة بالدين وتأجيله 6-تعديل الدين 7-مواضع الربا في القوانين المعاصرة 8-ربوات البيع 9-ربا الفضل 10-تحريم بيع ما أشتري قبل فيضه 11- تحريم لبع الكالئ بالكالئ | ||
| 653 | _aالربا | ||
| 653 | _aالمعاملات البنكية | ||
| 653 | _aربوات بيع | ||
| 653 | _aربوات قروض | ||
| 942 | _cكتاب | ||
| 999 |
_c42900 _d42900 |
||